Prostitución y rufianismo /
Guardado en:
| Autores principales: | , |
|---|---|
| Formato: | Desconocido |
| Lenguaje: | Spanish |
| Publicado: |
Argentina :
Encuadre,
1974.
|
| Edición: | 1. edición |
| Colección: | (Colección Testimonios)
|
| Materias: | |
| Etiquetas: |
Agregar Etiqueta
Sin Etiquetas, Sea el primero en etiquetar este registro!
|
MARC
| LEADER | 000000000a22000000004500 | ||
|---|---|---|---|
| 001 | 005924 | ||
| 041 | 0 | |a spa | |
| 082 | 0 | 4 | |a 306.74 |b I22p |
| 100 | 1 | |a Ielpi, Rafael Oscar, |d 1939- | |
| 100 | 1 | |a Zinni, Hector Nicolas, |d 1934- | |
| 245 | 1 | 0 | |a Prostitución y rufianismo / |c Rafael Oscar Ielpi, Hector Nicolas Zinni. |
| 250 | |a 1. edición | ||
| 260 | 1 | |a Argentina : |b Encuadre, |c 1974. | |
| 300 | |a 293 páginas | ||
| 490 | 1 | |a (Colección Testimonios) | |
| 650 | 4 | |a PROSTITUCION | |
| 650 | 4 | |a ROSARIO (ARGENTINA) | |
| 999 | |c 11813 |d 11813 | ||
| 942 | |c BK |h 306.74 I22p |2 z | ||
